000
00299nam a2200109Ia 4500
008
260210s9999 xx 000 0 und d
020
_a
9781610919494
100
_a
Garvin
245
4
_a
The Heart Of The City: Creating Vibrant Downtowns For A New Century (P/B)
260
_b
Island Press
942
_c
PG
999
_c
14047
_d
14047